Statistics for Important cities in Panama

Click here to take the quiz!

General Stats

  • This quiz has been taken 41 times
  • The average score is 3 of 6

Answer Stats

Reason for being important Country City % Correct
CapitalPanamaPanama City
100%
4th Largest cityPanamaDavid
88%
City at north end of Panama CanalPanamaColon
82%
2nd Largest cityPanamaSan Miguelito
35%
3rd Largest cityPanamaTocumen
29%
5th Largest cityPanamaLas Cumbres
0%

Score Distribution

Percentile by Number Answered

Percent of People with Each Score

Your Score History

You have not taken this quiz